Moys classifcation and thesaurus for legal materials (Record no. 102670)

MARC details
000 -LEADER
fixed length control field 00550cam a2200205 4500
001 - CONTROL NUMBER
control field
008 - FIXED-LENGTH DATA ELEMENTS--GENERAL INFORMATION
fixed length control field 030303n2001 000 0 eng u
020 ## - INTERNATIONAL STANDARD BOOK NUMBER
International Standard Book Number 3598115024
035 ## - SYSTEM CONTROL NUMBER
System control number (Sirsi) u121473
050 ## - LIBRARY OF CONGRESS CALL NUMBER
Classification number 025.4634
-- 18
100 ## - MAIN ENTRY--PERSONAL NAME
Personal name Moys, Elizabeth M.
245 ## - TITLE STATEMENT
Title Moys classifcation and thesaurus for legal materials
250 ## - EDITION STATEMENT
Edition statement 4th ed.
260 ## - PUBLICATION, DISTRIBUTION, ETC.
Place of publication, distribution, etc. Munich
Name of publisher, distributor, etc. Saur
Date of publication, distribution, etc. 2001
300 ## - PHYSICAL DESCRIPTION
Extent xliv, 552p.
Dimensions 24cm.
350 ## - PRICE (NR) (BK AM CF MU VM SE) [OBSOLETE]
Price 115
650 ## - SUBJECT ADDED ENTRY--TOPICAL TERM
Topical term or geographic name entry element CLASSIFICATION
690 ## - LOCAL SUBJECT ADDED ENTRY--TOPICAL TERM (OCLC, RLIN)
Topical term or geographic name as entry element MANAGEMENT-BUSINESS MANAGEMENT-INFORMATION MANAGEMENT
942 ## - ADDED ENTRY ELEMENTS (KOHA)
Suppress in OPAC 0
Holdings
Withdrawn status Lost status Source of classification or shelving scheme Damaged status Not for loan Home library Current library Shelving location Date acquired Cost, normal purchase price Total Checkouts Full call number Barcode Date last seen Copy number Cost, replacement price Price effective from Koha item type
    Dewey Decimal Classification     London London Reference copy 25/01/2005 115.00   KENT ROOM 30067445 06/08/2019 1 115.00 06/08/2019 Reference material